00745nam a2200217Ia 4500003000900000008004100009040001300050040001300063041000800076100002000084245013600104250001000240260001600250260000900266300001000275490000600285700001800291942000700309999001700316952019400333IT-RoPAU120407s9999 xx 000 0 und d aIT-RoPAU cIT-RoPAU afra aFliche Augustin aHistoire de l’Eglise. Depuis les origines jusqu’à nos jours. Publiée sous la direction de Augustin Fliche et Victor Martin. aParis aBloud & Gay c1946 c24 cm v1 aVictor Martin cBK c23819d23819 00102ddc406270_70000000000000071aPAULUSbPAULUSd2012-04-11l0o270.7r2012-04-11 00:00:00w2012-04-11yBKzInserito da: Jole In data: 30 luglio 2011 fondo: Via A.Severo 56 Progr:10435